LEADER 01506nam 2200421 450 001 000010883 005 20070503173300.0 010 $a88-02-01315-2 100 $a20020325d1978----km-y0itay0103----ba 101 0 $aita 102 $aIT 200 1 $a<> opere$fBernard Shaw 200 1 $a1 $n0004208 210 $aTorino$cUTET$dstampa1978 215 $aXXXIV, 965 p.$c1 ritr.$d17 cm. 225 2 $aScrittori del mondo: i Nobel 327 $aCandida ; La professione della signora Warren ; Cesare e Cleopatra ; Uomo e superuomo ; Androclo e il leone ; Santa Giovanna 410 0$12001$aScrittori del mondo: i Nobel 676 $a822.9$v(20. ed.)$9Letteratura drammatica inglese. 1900- 700 1$aShaw,$bGeorge Bernard$0322209 801 0$aIT$bUniversità della Basilicata - B.I.A.$gRICA$2unimarc 912 $a000010883 996 $aOpere$979224 997 $aUNIBAS BAS $aMONLET BAS $aMONOGR BAS $aLETTERE CAT $aSTD014$b01$c20020325$lBAS01$h1633 CAT $aTROMBONE$b01$c20020405$lBAS01$h0950 CAT $aTROMBONE$b20$c20021011$lBAS01$h1107 CAT $c20050601$lBAS01$h1754 CAT $abatch$b01$c20050718$lBAS01$h1050 CAT $c20050718$lBAS01$h1110 CAT $c20050718$lBAS01$h1140 CAT $c20050718$lBAS01$h1154 CAT $aBATCH$b00$c20070503$lBAS01$h1733 FMT Z30 -1$lBAS01$LBAS01$mBOOK$1BASA1$APolo Storico-Umanistico$2GEN$BCollezione generale$3FP\13451$613451$5L13451$820020325$f02$FPrestabile Generale LEADER 01056nam2 22003131i 450 001 RML0266738 005 20231121125723.0 010 $a8808075729 100 $a20121121d1991 ||||0itac50 ba 101 | $aita 102 $ait 181 1$6z01$ai $bxxxe 182 1$6z01$an 200 1 $aVolume 3$fPaul A. Tipler 210 $aBologna $cZanichelli $d1991 215 $aix,vii, 515-882 p.$cill.$d27 cm 300 $aTit. orig.: College Physics 461 1$1001RML0266729$12001 $aInvito alla fisica$fPaul A. Tipler 606 $aFisica$2FIR$3RMLC006389$9I 676 $a530$9FISICA$v21 700 1$aTipler$b, Paul A.$3RMLV169326$030390 801 3$aIT$bIT-01$c20121121 850 $aIT-FR0099 899 $aBiblioteca Area Ingegneristica$bFR0099 912 $aRML0266738 950 2$aBiblioteca Area Ingegneristica$d 54DII 530 TIP/2 III$e 54VM 0000371875 VM barcode:BAIN001571. - Inventario:1301dVM$fA $h20031210$i20121204 977 $a 54 996 $aVolume 3$93624833 997 $aUNICAS